Last Nintendo Console Games - Statistics

General Stats
  • This quiz has been taken 40 times
  • The average score is 4 of 9
Answer Stats
Console Game % Correct
NES Wario’s Woods
88%
Nintendo 64 Tony Hawk’s Pro Skater 3
50%
Virtual Boy 3D Tetris
42%
SNES Frogger
38%
Gameboy Pokémon Yellow
38%
Gameboy Color Harry Potter and the Chamber of Secrets
33%
GameCube Madden NFL 2008
33%
DS Big Hero 6: Battle in the Bay
29%
Gameboy Advance Samurai Deeper Kyo
25%
No matching quizzes found
Score Distribution
Percent of People with Each Score
Percentile by Number Answered
Your Score History
You have not taken this quiz